Qual episódio histórico é esse? - Statistics

Estatísticas Gerais
  • Esse quiz foi jogado 125 vezes
  • A pontuação média é 5 de 16
Estatísticas das Respostas
Imagem Resposta % Correto
11 de setembro
72%
Chegada do homem a lua
72%
Guerra Fria
63%
Dia D
59%
Queda do Muro de Berlim
52%
Derrota de Napoleão
32%
Grande Depressão
29%
Julgamentos de Nuremberg
23%
Erupção do Krakatoa
21%
Guerra de Inverno
18%
Little Boy
18%
Watergate
10%
Assassinato do Francisco Ferdinando
7%
Assassinato do John Kennedy
7%
Crescente Fértil
7%
Naufrágio do Lusitânia
2%
Nenhum quiz correspondente encontrado
Distribuição das Pontuações
Porcentagem de Pessoas com Cada Pontuação
Percentil de Números Respondidos
Sua Pontuação Histórica
Você não jogou esse quiz